000 01494nam a2200385 c 4500
001 6344
003 ES-MaCES
005 20141221121832.0
008 980212s1997 xxu ||| | eng d
020 _a1557756457
035 _aCES19980064022m
040 _aES-MaCES
_bspa
_cES-MaCES
111 2 _aCentral Banking Seminar International Monetary Fund
_n
_d1997
_cWashington, D.C.
_9280
245 1 0 _aBanking soundness and monetary policy
_b: issues and experiences in the global economy : papers presented at the Seventh Seminar on Central Banking, Washington, D.C., January 27-31, 1997
_ceditors, Charles Enoch, John H. Green
260 _aWashington D.C.
_bIMF Institute
_bMonetary and Exchange Affairs Department, International Monetary Fund
_c1997
300 _aXII, 542 p.
_c23 cm
541 _cCompra
650 4 _apolítica monetaria
_928101
650 4 _aglobalización económica
_930653
650 4 _amercado financiero
_928150
650 4 _abanco
_928104
650 4 _aactividad bancaria
_928105
650 4 _acambio estructural
_930042
650 4 _aintervención estatal
_929380
650 4 _apapel del FMI
_930354
650 4 _aestudio de casos
_928846
650 4 _aconferencia
_927013
653 1 0 _aFinanciación
700 1 _aEnoch, Charles
_eed. lit.
_911303
700 1 _aGreen, John H.
_eed. lit.
_914087
710 2 _aFondo Monetario Internacional
_eed.
_93625
902 _aLIB Libro
942 _2CES
_cBK
_h0.0.
999 _c6344
_d6344